Hospodárske výsledky finančných organizácií v 4. štvrťroku a v 1.-4. štvrťroku 1993

Salvato in:
Dettagli Bibliografici
Natura: Libro
Lingua:slovacco
Pubblicazione: Bratislava Štatistický úrad SR 1994
Serie:Štatistické čísla a grafy
Tags: Aggiungi Tag
Nessun Tag, puoi essere il primo ad aggiungerne!!

MARC

LEADER 00000nam a2200000 4500
001 c005265
005 20260210065712.5
041 0 |a slo 
044 |a SK 
245 1 0 |a Hospodárske výsledky finančných organizácií v 4. štvrťroku a v 1.-4. štvrťroku 1993  |c Milan Mičulík, Mária Rabenseiferová 
264 1 |a Bratislava  |b Štatistický úrad SR  |c 1994 
300 |a 9 s. 
490 1 |a Štatistické čísla a grafy 
830 0 |a Štatistické čísla a grafy